[Event "SRB-ch U14"]
[Site "Vrbas"]
[Date "2015.04.09"]
[Round "1"]
[White "Ivic, Velimir"]
[Black "Gluscevic, Boris"]
[Result "1-0"]
[WhiteElo "2140"]
[BlackElo "1686"]
[PlyCount "55"]
[EventDate "2015.04.09"]
[EventType "swiss"]
[EventRounds "9"]
[EventCountry "SRB"]
[SourceTitle "EXT 2022"]
[Source "ChessBase"]
[SourceDate "2021.10.06"]
[SourceVersion "1"]
[SourceVersionDate "2021.10.06"]
[SourceQuality "1"]

1. e4 e5 2. Nf3 Nc6 3. Bb5 Bc5 4. 0-0 Nf6 5. d3 h6 6. Bxc6 dxc6 7. Nxe5 Bd6 8. Nf3 Bg4 9. e5 Bxe5 10. Qe1 0-0 11. Qxe5 Re8 12. Qg3 Qc8 13. h3 Bxf3 14. Qxf3 Qd7 15. Nc3 Re7 16. Bxh6 gxh6 17. Qxf6 Re6 18. Qf3 Rae8 19. Ne4 Qd4 20. Rae1 Kf8 21. c3 Qd8 22. Re3 Kg7 23. Ng3 Rxe3 24. fxe3 Qxd3 25. Qxf7+ Kh8 26. Qxe8+ Kg7 27. Rf7+ Kg6 28. Qg8# 1-0